000
00324nam a22001337a 4500
008
181107b xxu||||| |||| 00| 0 eng d
020
_a
9781416025788
041
_a
eng
080
_2
3 TH
_a
616.8
100
_a
7
101
_a
NEU
245
_a
NeuroScience Fundamentals For Rehalibiton
_c
Laurie.L.E
942
_2
udc
_c
BK
999
_c
52120
_d
52120